Datum a čas kvízu
30.5
Celkem bodů
Celkový počet nahraných bodů na tomto kvízu bez doplňovacích otázek.
1.
Pořadí na kvízu
Konečné umístění týmu na tomto kvízu.
Zaznamenané odpovědi
| # | Otázka | Odpověď | Body | Výsledky |
|---|---|---|---|---|
| 1. | Ve středu do toho „praštil“ da... | Lucie Šafářová, Tomáš Plekanec | 1 | |
| 2. | V neděli se konaly volby do ně... | Armin Laschet | 1 | |
| 3. | Elon Musk plní stránky novin i... | Grimes | 0 | |
| 4. | Čínská centrální banka v pátek... | kryptoměnové transakce | 1 | |
| 5. | V minulém týdnu se konaly dva... | golf, tenis | 1 | |
| 6. | V pátém díle našeho cestovatel... | Pražský kraj | 1 | |
| 7. | Jedním z nejnavštěvovanějších... | V gotickém slohu. | 0 | |
| 8. | Důležitým průmyslovým centrem... | Laurin a Klement | 1 | |
| 9. | Středočeský kraj je spojen ta... | Bobeš | 0 | |
| 10. | V tomto kraji najdeme také spo... | V Dobříši. | 0 |